Statistics for Jedi

Click here to take the quiz!

General Stats

  • This quiz has been taken 10 times
  • The average score is 29 of 92

Answer Stats

HintAnswer% Correct
Tales of the JediAhsoka Tano
100%
The Phantom MenaceAnakin Skywalker
100%
Revenge of the SithLuke Skywalker
100%
Tales of the JediMace Windu
100%
Tales of the JediPlo Koon
100%
Tales of the JediYoda
100%
Attack of the ClonesKit Fisto
88%
The Force AwakensRey
88%
The Phantom MenaceYaddle
88%
Tales of the JediDooku
75%
Tales of the JediKi-Adi-Mundi
75%
Revenge of the SithLeia Organa
75%
The Phantom MenaceObi-Wan Kenobi
75%
Tales of the JediQui-Gon Jinn
75%
The Force AwakensBen Solo
63%
Jedi: Fallen OrderCal Kestis
63%
Attack of the ClonesColeman Trebor
63%
RebelsEzra Bridger
63%
Attack of the ClonesLuminara Unduli
63%
Attack of the ClonesShaak Ti
63%
Attack of the ClonesAayla Secura
50%
The Phantom MenaceAdi Gallia
50%
Attack of the ClonesBarriss Offee
50%
The Clone WarsCaleb Dume
50%
Attack of the ClonesStass Allie
50%
Attack of the ClonesAgen Kolar
38%
The Phantom MenaceEeth Koth
38%
The MandalorianGrogu
38%
Jedi: Fallen OrderJaro Tapal
38%
Tales of the JediJocasta Nu
38%
The Phantom MenaceYarael Poof
38%
The Clone WarsAsajj Ventress
25%
Jedi: Fallen OrderCere Junda
25%
The Clone WarsCin Drallig
25%
Tales of the JediDepa Billaba
25%
Jedi: Fallen OrderEno Cordova
25%
The Clone WarsHalsey
25%
The Clone WarsIma-Gun Di
25%
Tales of the JediKatri
25%
The Clone WarsKnox
25%
Jedi: Fallen OrderMasana Tide
25%
The Clone WarsOrd Enisence
25%
Tales of the JediSaesee Tiin
25%
Attack of the ClonesSar Labooda
25%
Jedi: Fallen OrderTaron Malicos
25%
Tales of the JediTera Sinube
25%
Jedi: Fallen OrderTrilla Suduri
25%
Revenge of the SithBene
13%
The Clone WarsBolla Ropal
13%
Attack of the ClonesBultar Swan
13%
The Clone WarsByph
13%
The Clone WarsEekar Oki
13%
The Phantom MenaceEven Piell
13%
Attack of the ClonesFi-Ek Sirch
13%
The Clone WarsFinn Ertay
13%
The Clone WarsGanodi
13%
The Clone WarsGungi
13%
The Clone WarsJinx
13%
The Clone WarsKalifa
13%
The Clone WarsKatooni
13%
Attack of the ClonesKhaat Qiyn
13%
The Clone WarsKy Narec
13%
The Clone WarsNahdar Vebb
13%
Obi-Wan KenobiNari
13%
Attack of the ClonesNicanas Tassu
13%
The Clone WarsO-Mer
13%
The Phantom MenaceOppo Rancisis
13%
Attack of the ClonesPablo-Jill
13%
The Clone WarsPetro
13%
Attack of the ClonesQue-Mars Redath-Gom
13%
The Phantom MenaceQuinlan Vos
13%
Obi-Wan KenobiReva Sevander
13%
Tales of the JediSifo-Dyas
13%
Attack of the ClonesSora Bulq
13%
The Clone WarsThongla Jur
13%
The Clone WarsTiplar
13%
The Clone WarsTiplee
13%
The Clone WarsTu-Anh
13%
Revenge of the SithWhie
13%
The Clone WarsZatt
13%
Attack of the ClonesZett Jukassa
13%
Attack of the ClonesBairdon Jace
0%
The Clone WarsColeman Kcaj
0%
The Clone WarsFarn Klin
0%
Obi-Wan KenobiMinas Velti
0%
The Clone WarsPong Krell
0%
The Clone WarsRan Deezy
0%
The Clone WarsRig Nema
0%
Attack of the ClonesSarissa Jeng
0%
Attack of the ClonesSephjett Josall
0%
Attack of the ClonesTan Yuster
0%
Attack of the ClonesTarados Gon
0%

Score Distribution

Percentile by Number Answered

Percent of People with Each Score

Your Score History

You have not taken this quiz